Текст томруулах:    
Mendeleyev and his periodic table (Бичлэгийн дугаар. 146043)
000 -УДИРДЛАГА
Удирдлага 00696nam a22002657a 4500
003 - ХЯНАЛТЫН ТОО ТОДОРХОЙЛОГЧ
Код MN-UlNUM
005 - БИЧИЛТ ХИЙСЭН ОГНОО
Тухайн бичилтийг бичсэн засварласан сүүлийн огноо 20260102095407.0
008 - ЕРӨНХИЙ МЭДЭЭЛЭЛ
Ерөнхий мэдээлэл 260102s1965 xxu||||| |||| 00| 0 eng |
040 ## - БИЧЛЭГ ҮҮСГЭГЧ БАЙГУУЛЛАГА
Бичлэг үүсгэгч номын сангийн код МУИС-ийн номын сан
084 ## - ББК АНГИЛАЛ
Нэмэлт тусгалт Бусад
ББК ангилал 24.1
Зохиогчийн гурван тэмдэгт M 40
Мэдлэгийн ялгаа 2 - Байгалийн шинжлэл
100 1# - ЗОХИОГЧ
Зохиогчийн нэр McKown, Robin.
245 1# - ҮНДСЭН ГАРЧИГ
Номын нэр Mendeleyev and his periodic table
260 ## - ГАРАЛТЫН МЭДЭЭ
Хэвлэгдсэн газар New York,
Хэвлэлийн газар J. Messner
Хэвлэгдсэн он 1965
300 ## - МАТЕРИАЛЫН ТОДОРХОЙЛОЛТ
хуудасны тоо 191 p.
Бусад тоон мэдээлэл illus.
Хэмжээ 22 cm.
500 ## - Тайлбар
Дансны дугаар БС 4799
546 ## - ХЭЛНИЙ ТУХАЙ МЭДЭЭ
Хэл Англи хэл дээр,
653 ## - Түлхүүр үг
Түлхүүр үг periodic law
740 ## - НОМЫН ГАРЧИГ
Гарчиг Youth in Siberia
740 ## - НОМЫН ГАРЧИГ
Гарчиг The Price of an Education
740 ## - НОМЫН ГАРЧИГ
Гарчиг The University Student
740 ## - НОМЫН ГАРЧИГ
Гарчиг Six Months to Live
942 ## - ЭЛЕМЕНТИЙН ТӨРӨЛ
Зүйлийн төрөл Ном